Normal view
MARC view
Entry Personal Name
001 - CONTROL NUMBER
- control field: 29378
003 - CONTROL NUMBER IDENTIFIER
- control field: dpl
005 - DATE AND TIME OF LATEST TRANSACTION
- control field: 20110711111358.0
008 - FIXED-LENGTH DATA ELEMENTS
- fixed length control field: 110711|||a|||||| | ||| d
040 ## - CATALOGING SOURCE
- Original cataloging agency: dpl
- Transcribing agency: dpl
100 ## - HEADING--PERSONAL NAME
- Personal name: Gandhi, |c Mahatma
- Dates associated with a name: 1869-1948.
670 ## - SOURCE DATA FOUND
- Source citation: Work cat.: (dpl): 29356 Brown, Judith M. 1944- (Judith Margaret), Windows into the past :, 2011
670 ## - SOURCE DATA FOUND
- Source citation: Work cat.: (dpl): 29356 Brown, Judith M. 1944- (Judith Margaret), Windows into the past :, 2011
